000 00514nam a2200169Ia 4500
008 230917s9999||||xx |||||||||||||| ||und||
020 _cRS995
040 _e242385
_aMAIN
041 _aEnglish
082 _a647.94068 N312C
100 _aNegi, Jagmohan
245 0 _aCommunication skills for hospitality management: Objective type questions and answers
260 _aNew Delhi
_bKanaishka Publishers
_c2012
300 _axiv, 370 p.
500 _a2885 25/09/2017 HBD17/7055 26/09/2017 IHTM (SFS)
942 _cBK
999 _c24122
_d24122